Shakespeare : (Record no. 29715)
[ view plain ]
| 000 -LEADER | |
|---|---|
| fixed length control field | 00686nam a2200217 4500 |
| 001 - CONTROL NUMBER | |
| control field | 29715 |
| 003 - CONTROL NUMBER IDENTIFIER | |
| rucl marc code | BD-RjUL |
| 005 - DATE AND TIME OF LATEST TRANSACTION | |
| control field | 20211209051441.0 |
| 008 - FIXED-LENGTH DATA ELEMENTS--GENERAL INFORMATION | |
| fixed length control field | 140407s1971 uk ||||| |||| 001 0 eng d |
| 035 ## - SYSTEM CONTROL NUMBER | |
| System control number | (BD-RjUL)29800 |
| 040 ## - CATALOGING SOURCE | |
| Original cataloging agency | BD-RjUL |
| Language of cataloging | eng |
| Transcribing agency | BD-RjUL |
| Modifying agency | BD-RjUL |
| 041 ## - LANGUAGE CODE | |
| Language code of text/sound track or separate title | eng |
| 082 ## - DEWEY DECIMAL CLASSIFICATION NUMBER | |
| Classification number | 822.33 |
| Author mark and year | SHS 1971 |
| 100 ## - MAIN ENTRY--PERSONAL NAME | |
| Personal name | Shakespeare ,William |
| 9 (RLIN) | 85039 |
| 245 ## - TITLE STATEMENT | |
| Title | Shakespeare : |
| Remainder of title | Measure for measure ; a casebook / |
| Statement of responsibility, etc. | edited by C. K. Stead. |
| 260 ## - PUBLICATION, DISTRIBUTION, ETC. (IMPRINT) | |
| Place of publication, distribution, etc. | London : |
| Name of publisher, distributor, etc. | Macmillan, |
| Date of publication, distribution, etc. | ©1971. |
| 300 ## - PHYSICAL DESCRIPTION | |
| Pagination | 250 p. : |
| Illustrations | ill, ; |
| Size | 18 cm. |
| 650 ## - SUBJECT ADDED ENTRY--TOPICAL TERM | |
| Topical term or geographic name as entry element | Shakespeare, William. Measure for measure |
| 9 (RLIN) | 90480 |
| 700 ## - ADDED ENTRY--PERSONAL NAME | |
| Personal name | Stead ,C. K. |
| Fuller form of name | Christian Karlson Stead |
| 942 ## - ADDED ENTRY ELEMENTS (KOHA) | |
| Source of classification or shelving scheme | Dewey Decimal Classification |
| Koha item type | Books |
| Lost status | Source of classification or shelving scheme | Damaged status | Not for loan | Collection code | Permanent Location | Current Location | Shelving location | Date acquired | Source of acquisition | Cost, normal purchase price | Total Checkouts | Full call number | Date last seen | Copy number | Koha item type |
|---|---|---|---|---|---|---|---|---|---|---|---|---|---|---|---|
| Dewey Decimal Classification | Added to bundle | Non-fiction | Central Library, University of Rajshahi | Central Library, University of Rajshahi | Reading Room | 13/09/1983 | TUPILP | 48.08 | 822.33 SHS 1971 | 07/04/2014 | C-1 | Books |